Mikroekonómia
Saved in:
| Main Author: | |
|---|---|
| Other Authors: | |
| Format: | Book |
| Language: | Slovak |
| Published: |
Bratislava
Elita, ekonomická literárna agentúra
1993
|
| Edition: | 1. vyd. |
| Subjects: | |
| Online Access: | View in OPAC |
| Tags: |
No Tags, Be the first to tag this record!
|
MARC
| LEADER | 00000nam a2200000 a 4500 | ||
|---|---|---|---|
| 005 | 20260127134326.0 | ||
| 008 | 040720e1uuu SK 0 c | ||
| 020 | |a 8085323176 | ||
| 035 | |a vtls001550889 | ||
| 035 | |a VTK29020 | ||
| 039 | 9 | |a 201512151132 |b csnkv03 |c 201007261427 |d msnk88 |c 200809180923 |d mschk03 |y 200504182238 |z VLOAD | |
| 040 | |a VTHK |b slo |c VTHK |d STUSCHK1 | ||
| 041 | 0 | |a slo | |
| 041 | 0 | |a fra | |
| 080 | |a 330.101.542(075.8) | ||
| 100 | 1 | |a Etner, Francois | |
| 245 | 1 | 0 | |a Mikroekonómia |
| 250 | |a 1. vyd. | ||
| 260 | |a Bratislava |b Elita, ekonomická literárna agentúra |c 1993 | ||
| 300 | |a 443 s. viaz. | ||
| 650 | 0 | 7 | |a ekonomické teórie |
| 650 | 0 | 7 | |a mikroekonomika |
| 650 | 0 | 7 | |a učebnice vysokých škôl |2 SNKPH |
| 700 | 1 | |a Přívarová, Magda, |d 1955- |4 prk |9 325 | |
| 910 | |a vthkonkat | ||
| 910 | |a SCHK95 | ||
| 918 | |a 80-85323-17-6 | ||
| 999 | |c 9900 |d 9900 | ||